000
00265nam a2200109Ia 4500
008
190906s9999||||xx |||||||||||||| ||und||
100
_a
Aggarwal,R.S.
245
0
_a
Mathematics For Class x
260
_a
New Delhi
_b
Bantam Books Inc
_c
2004
300
_a
393
942
_c
BK
999
_c
6175
_d
6175